000 00517nam a2200181Ia 4500
005 20250508153249.0
008 008 250505s9999 xx 000 0 eng d
037 _aTextual
040 _aFEDL
_beng
_cFEDL
041 _aeng
_2eng
084 _a649.65, CRA
_qFEDL
100 _aCranford Peter G
_9763563
245 0 _aDisciplining your child: The practical way
260 _aEnglewood Cliffs
_b Prentice-Hall
_c1963
300 _a141p.
942 _cTEXL
_h649.65, CRA
999 _c1341608
_d1341608